000 00999cam a2200277 a 4500
999 _c10125
_d10125
001 16992704
003 GZU
005 20211014161422.0
008 111007m20122008nyuab b 001 0 eng
010 _a 2011041708
020 _a9780195392876 (pbk.)
040 _aDLC
_cDLC
_dDLC
042 _apcc
050 0 0 _aGN25
_b.LAV 2013
100 1 _aLavenda, Robert H.
_eauthor
245 1 0 _aAnthropology :
_bwhat does it mean to be human? /
_cRobert H. Lavenda, Emily A. Schultz.
250 _a2nd edition.
260 _aNew York :
_bOxford University Press,
_cc2013.
300 _axxvi, 501 pages. :
_bill. (chiefly col.), col. maps ;
_c28 cm.
504 _aIncludes bibliographic references (p. 478-490) and index.
650 0 _aAnthropology.
700 1 _aSchultz, Emily A.
_q(Emily Ann),
_d1949-
_eauthor
906 _a7
_bcbc
_corignew
_d1
_eecip
_f20
_gy-gencatlg
942 _2lcc
_cBK
_eSecond edition
_h25
_iLAV
_kGN